| 000 | 00342nam a22001577a 4500 | ||
|---|---|---|---|
| 003 | SGT | ||
| 020 | _a9789352703791 | ||
| 082 |
_a615 _bP19U |
||
| 100 | _aUDAYKUMAR, PADMAJA | ||
| 245 | _aPHARMACOLOGY FOR NURSES | ||
| 250 | _a4TH | ||
| 260 |
_aINDIA _bJAYPEE PUB _c2019 |
||
| 300 | _a461 | ||
| 650 | _aPHARMACOLOGY | ||
| 942 |
_2ddc _cBK _0143 |
||
| 999 |
_c21900 _d21900 |
||